000 00237nam a2200097Ia 4500
005 20251222114355.0
008 251222s1900||||xx |||||||||||||| ||spa||
082 _aDVD0111/H28/2008
245 0 _aHorton y el mundo de los quiƩn:
942 _cDVD
999 _c1404
_d1404